Histoire illustrée de la littérature Francaise

Saved in:
Bibliographic Details
Main Author: Emile Abry
Format: Book
Language:Undetermined
Published: Paris Henri Didier 1946
Subjects:
Tags: Add Tag
No Tags, Be the first to tag this record!
Institutions: Trung tâm Học liệu Trường Đại học Cần Thơ
LEADER 00559nam a2200181Ia 4500
001 CTU_12570
008 210402s9999 xx 000 0 und d
082 |a 840.09 
082 |b A158 
100 |a Emile Abry 
245 0 |a Histoire illustrée de la littérature Francaise 
245 0 |c Emile Abry, Charles Audic, Paul Crouzet 
260 |a Paris 
260 |b Henri Didier 
260 |c 1946 
650 |a french literature - history and criticism 
904 |i Nguyễn Quang Điền, 961115 
980 |a Trung tâm Học liệu Trường Đại học Cần Thơ